| 000 | 00433nam a22001817a 4500 | ||
|---|---|---|---|
| 003 | MPLRDC | ||
| 005 | 20220104150046.0 | ||
| 008 | 210129b ||||| |||| 00| 0 eng d | ||
| 020 | _a957-8998-74-0 | ||
| 082 | _a220.7 WAR | ||
| 100 | _aTIM WARD | ||
| 245 |
_a生命在轮回之中 _c傅克逊译 |
||
| 250 | _a初版 | ||
| 260 |
_a _b圆明出版社 _c1995 |
||
| 300 | _b平 | ||
| 650 | _a佛教杂论 | ||
| 942 |
_cBK _o220.7 WAR |
||
| 999 |
_c51666 _d51656 |
||